00655cam a2200205 a 450000100100000000500170001000800410002702000150006804000300008308200190011310000300013224500640016226000530022630000340027949000240031360000340033765000210037165000330039283000240042500001809620200929165343.0710402s1970 dcuh 000 p eng d a0826200990 aDO-SdBNPcDLCdDLCdBNPHU a821.914bB471s1 aBennett, John,d1897-197414aThe struck leviathan :bpoems on Moby Dick /cJohn Bennett. aColumbia :bUniversity of Missouri Press,c1970. a63 p. :bfacsíms. ;c20 cm.1 aA Breakthrough book10aMELVILLE, HERMAN,d1819-1891. 4aPoesía inglesa 4aLiteratura inglesaySIGLO XX 0aA Breakthrough book